000 00554nam a2200205 a 4500
005 20240501063717.0
008 160302s1994 mx r 000 0 spa d
020 _a9684762038
035 _aUPN01000208609
049 _aCG
050 4 _aPQ2619 A7.7
_bS8.6
100 1 _aJarry, Alfred,
_d1873-1907
_938737
245 1 3 _aEl supermacho /
_cAlfred Jarry ; tr. Juana Bignozzi.
260 _aMéxico :
_bFontamara,
_c1994.
300 _a187 p.
440 0 _aFontamara ;
_v104
650 4 _aNovela francesa
_98238
905 _aLibro
999 _c180710
_d180710